| 000 | 00784cam a2200277 4500 | ||
|---|---|---|---|
| 005 | 20260322212041.0 | ||
| 008 | data | ||
| 010 | _a74-100421 | ||
| 040 |
_aDNLM _cDNLM |
||
| 041 | 0 | 9 | _aeng |
| 060 | 0 | 0 |
_aWS 350 _bF111e 1970 |
| 090 | _aLC 4165 F11e 1970 | ||
| 100 | 1 | _aFaas, Larry A. | |
| 245 | 1 | 4 |
_aThe emotionally disturbed child : _ba book of readings / _cLarry A. Faas. |
| 260 |
_aSpringfield, Ill., _bThomas _c[c1970] |
||
| 300 |
_axiv, 386 p. _billus. |
||
| 500 | _aArticles reprinted from books, journals, and proceedings of meetings. | ||
| 590 | _aIncludes bibliographies. | ||
| 650 | 2 | _aAffective Symptoms | |
| 650 | 2 | _aChild Behavior Disorders | |
| 650 | 2 | _aEducation, Special | |
| 650 | 2 | 2 |
_aChild _9n |
| 650 | 2 | 2 |
_aInfant _9n |
| 655 | 2 | _aCollected Works | |
| 001 | data | ||
| 999 |
_c965 _d965 |
||